Popular TV Shows by Poster VII - Statistics

General Stats
  • This quiz has been taken 125 times
  • The average score is 8 of 16
Answer Stats
Picture Answer % Correct
Orange is the New Black
88%
Squid Game
82%
Suits
80%
The Walking Dead
72%
Rugrats
66%
Bones
64%
Jimmy Neutron: Boy Wonder
59%
Daredevil
53%
Sex Education
52%
The Umbrella Academy
46%
The Blacklist
37%
Yu-Gi-Oh!
34%
The Andy Griffith Show
25%
Ballers
22%
The Rings of Power
16%
Deadliest Catch
9%
No matching quizzes found
Score Distribution
Percent of People with Each Score
Percentile by Number Answered
Your Score History
You have not taken this quiz